Ekonomické myšlení a poznání 2 filosofické problémy ekonomického vědomí

Na minha lista:
Detalhes bibliográficos
Formato: Livro
Idioma:tcheco
Publicado em: Praha Vysoká škola ekonomická 1982
Tags: Adicionar Tag
Sem tags, seja o primeiro a adicionar uma tag!

MARC

LEADER 00000nam a2200000 4500
001 c134118
005 20061208110257.8
041 0 |a cze 
044 |a CZ 
245 1 0 |a Ekonomické myšlení a poznání 2  |b filosofické problémy ekonomického vědomí 
264 1 |a Praha  |b Vysoká škola ekonomická  |c 1982 
300 |a 92 s.